[Event "Moscow"]
[Site "Moscow"]
[Date "1981.04.??"]
[Round "6"]
[White "Geller, Efim P"]
[Black "Petrosian, Tigran V"]
[Result "1/2-1/2"]
[WhiteElo "2615"]
[BlackElo "2585"]
[Annotator "Belov,I"]
[PlyCount "83"]
[EventDate "1981.04.08"]
[EventType "tourn"]
[EventRounds "13"]
[EventCountry "URS"]
[EventCategory "15"]
[SourceTitle "MCL"]
[Source "ChessBase"]
[SourceDate "1999.07.01"]
[SourceVersion "1"]
[SourceVersionDate "1999.07.01"]
[SourceQuality "1"]

1. e4 g6 2. d4 Bg7 3. Nf3 d6 4. Be2 Nd7 (4... Nf6 5. Nbd2) 5. O-O e5 6. c3 (6.
c4 $142 Ngf6 7. Nc3 $14 {-E94/}) 6... Ngf6 7. Nbd2 O-O 8. Re1 (8. dxe5 $5 dxe5
(8... Nxe5 $5) 9. Re1 b6 (9... Re8 $5 10. Bf1 Nb6) 10. Bf1 Bb7 11. Qc2 Re8 12.
b4 $14 {Tatai,S-Ivkov,B/Venice/1969/}) 8... Re8 9. Bf1 Nb6 $5 (9... b6 10. a4
a5 11. Bb5 $14 {Torre,E-Suttles,D/Skopje(ol)/1972/1:0 (42) Inf 14/184/}) 10. h3
c6 11. a4 a5 $10 12. Qc2 Nfd7 $5 (12... Qc7 13. dxe5 dxe5 14. Nc4 Nxc4 15. Bxc4
$14) 13. Nc4 (13. dxe5 dxe5 14. Nc4 Nxc4 15. Bxc4 Nc5 16. Be3 Be6 $10) 13...
Qc7 14. Be3 (14. dxe5 Nxc4 15. Bxc4 Nxe5 16. Nxe5 Bxe5 $10) 14... exd4 15. Bxd4
(15. cxd4 d5 16. Nxb6 Nxb6 17. e5 Bf5 18. Qd2 $13) 15... Nxc4 16. Bxc4 Ne5 17.
Nxe5 Bxe5 (17... dxe5 18. Be3 $14) 18. Rad1 Bxd4 19. cxd4 (19. Rxd4 d5) 19...
Be6 20. Qc3 $6 (20. Bxe6 Rxe6 21. d5 Re7 22. dxc6 bxc6 $10) 20... Bxc4 21. Qxc4
Rxe4 $1 22. Rxe4 d5 23. Qd3 dxe4 24. Qxe4 Rd8 $15 25. Rd3 (25. d5 Qd6 $17)
25... Rd5 {/\ Qd7,c5/} 26. Rb3 (26. Rc3 $5 Qd7 27. Rc4 $15) 26... Kg7 (26...
Qd7 $5) 27. g3 Qd7 28. h4 (28. Kg2 $5 Rxd4 $140 29. Rxb7 Rxe4 30. Rxd7 Rxa4 31.
Rc7 $15) 28... f6 $6 (28... Rxd4 29. Qe5+ (29. Rxb7 $2 Rd1+ $19) 29... f6 30.
Qb8 Rb4 $17) (28... h5 $5 {/\ Kh7/}) 29. Qf4 $1 Rxd4 30. Qb8 (30. Rxb7 $2 Rd1+
31. Kg2 Qxb7 $19) 30... Rb4 $8 31. Rxb4 axb4 $17 32. a5 $1 Kf7 (32... c5 33.
Qa7 Qc6 34. a6 Qxa6 35. Qxc5 Qa1+ 36. Kg2 Qxb2 37. Qe7+ Kh6 38. Qf8+ Kh5 39.
Qf7 $10) 33. a6 bxa6 34. Qxb4 $15 Kg7 35. Qb6 Qd1+ 36. Kh2 Qf3 37. b4 $1 g5 (
37... Kh6 38. Qc5 {/\ Qf8/}) 38. hxg5 fxg5 39. Kg1 Qd1+ 40. Kh2 Qc2 41. Qd4+
Kf7 42. Qd7+ {>< Kf7/} 1/2-1/2

[Event "Groningen PCA"]
[Site "Groningen"]
[Date "1993.??.??"]
[Round "1"]
[White "Topalov, Veselin"]
[Black "Granda Zuniga, Julio E"]
[Result "1/2-1/2"]
[WhiteElo "2650"]
[BlackElo "2605"]
[Annotator "Belov,I"]
[PlyCount "108"]
[EventDate "1993.12.??"]
[EventType "swiss"]
[EventRounds "11"]
[EventCountry "NED"]
[SourceTitle "CBM 039"]
[Source "ChessBase"]
[SourceDate "1994.04.01"]
[SourceVersion "1"]
[SourceVersionDate "1994.04.01"]
[SourceQuality "1"]

1. e4 d6 2. d4 g6 3. Nc3 Bg7 4. Be3 c6 5. Qd2 Nd7 $5 (5... Nf6 $5) (5... b5) 6.
f3 (6. f4 b5 7. Nf3 Ngf6 8. e5 (8. Bd3 $5) 8... b4 9. exf6 bxc3 10. Qxc3 Nxf6
11. Qxc6+ Bd7 12. Qa6 O-O $44 {Van Der Wiel,J-Gurevich,M/Amsterdam/1991/0,5 
(60) Inf 51/107/}) (6. O-O-O Qa5 7. Kb1 b5 8. h4 Nb6 9. Bd3 Nf6 10. f3 Rb8 11.
Nce2 Qxd2 12. Bxd2 a6 $10 {Sivokho,S-Shchekachev,A/S-Peterburg/1993/}) (6. Nf3
Ngf6 7. h3 O-O 8. Bd3 e5 9. O-O Re8 10. Rfe1 exd4 (10... b5 $5) 11. Nxd4 Nc5
12. Bh6 Nxd3 13. cxd3 $14 {Yudasin,L-Kakageldyev,A/Biel(izt)/1993/}) 6... b5 (
6... Ngf6 $5) 7. h4 (7. g4 Rb8 $5 (7... Nb6 8. Bd3 Nf6 9. g5 Nfd7 10. h4 Bb7
11. h5 Rg8 $1 12. hxg6 hxg6 13. f4 Qc7 14. Rh7 a6 15. a4 b4 $13 {Galinnis,
N-Belov,I/BRD/1993/}) 8. h4 h5 9. g5 e6 10. f4 b4 11. Nce2 Ne7 12. Ng3 c5 13.
Nf3 Bb7 14. Bd3 O-O $10 {BibbY,S-Mestel,J/ENG(ch)/1992/0:1 (29)/}) 7... b4 (
7... Ngf6 8. g4 h5 (8... Nb6 9. h5 Rg8 $13) 9. g5 Nh7 10. f4 $14) (7... h5 $5
8. Nh3 Ngf6 9. Ng5 Bb7 10. O-O-O O-O $132) 8. Nd1 Qa5 (8... a5 9. a3 Rb8 10.
axb4 axb4 11. h5 $16) 9. Nf2 Rb8 10. h5 gxh5 (10... Ngf6 11. h6 Bf8 12. Bd3 $16
) 11. Ne2 (11. a3 Ngf6 12. Nd3 c5 13. Rd1 Ba6 $13) 11... Ngf6 12. Ng3 Rg8 (
12... e6 13. Nd3) 13. Nd3 Ba6 14. Kf2 (14. Nf4 $5 Bxf1 15. Kxf1 Qb5+ 16. Qe2 $1
$16) 14... Bxd3 15. Bxd3 c5 16. Nf5 $5 (16. Nxh5 $5 Nxh5 (16... cxd4 17. Nxg7+
Rxg7 18. Bxd4 $16) 17. Rxh5 Qc7 18. c3 Nf6 19. Rh3 $16) 16... Qc7 17. c3 bxc3
18. Nxg7+ Rxg7 19. bxc3 e5 $6 (19... Qa5 $5 20. Rab1 Rb6 $14) 20. Rab1 Ke7 $6 (
20... Rb6 $5) 21. Rxb8 Qxb8 22. dxc5 $1 Nxc5 (22... dxc5 $6 23. Bg5 $5 Rg8 24.
Rd1 Rd8 25. Bb5 $1 $16) 23. Bxc5 (23. Rb1 Qc7 24. Bg5 Ne6) 23... dxc5 24. Rb1
$16 Qd6 $1 (24... Qc7 $6 25. Ba6 Nd7 26. Rb7 Qd6 (26... Qc6 27. Rxa7) 27. Qxd6+
Kxd6 28. Rxa7 $16) 25. Rb7+ Nd7 26. Qe3 (26. Rxa7 $2 c4) 26... a6 $1 27. Ra7
Qb6 28. Rxa6 Qb2+ 29. Be2 Rg6 $1 $14 30. Ra7 Qb6 (30... Rc6 31. Qg5+) 31. Ra8
Qf6 32. Ra7 Qb6 33. Ra6 Qb2 34. Ra8 h6 35. Ra7 Rc6 36. a4 c4 37. a5 Qb5 38. Kg3
Ra6 39. Kh2 $6 (39. Rc7 $5 Qxa5 40. Rxc4 $16) 39... Qxa5 40. Rb7 Rc6 $8 (40...
Qa4 $2 41. Qc5+ Ke8 42. Qc8+ $18) 41. Bxc4 $8 Rc7 $1 (41... Rxc4 42. Rxd7+ Kxd7
43. Qd3+ Ke7 44. Qxc4 $16) 42. Rxc7 Qxc7 43. Bd5 Qd6 $10 44. Qf2 Qf6 45. c4
Qf4+ $1 46. Qg3 (46. g3 Qc1) 46... Qg5 47. Kh3 f5 $5 48. Qxg5+ hxg5 49. exf5
Nf6 50. Be6 Kd6 $10 51. Bf7 Kc5 52. Kg3 Kd4 53. Kf2 h4 54. Be6 Nh5 1/2-1/2

[Event "Alushta3"]
[Site "Alushta"]
[Date "1994.??.??"]
[Round "5"]
[White "Kruppa, Yuri"]
[Black "Korotylev, Alexey"]
[Result "1/2-1/2"]
[WhiteElo "2505"]
[BlackElo "2415"]
[Annotator "Belov,I"]
[PlyCount "81"]
[EventDate "1994.??.??"]
[EventType "tourn"]
[EventRounds "11"]
[EventCountry "UKR"]
[EventCategory "8"]
[SourceTitle "CBM 041"]
[Source "ChessBase"]
[SourceDate "1994.08.01"]
[SourceVersion "1"]
[SourceVersionDate "1994.08.01"]
[SourceQuality "1"]

1. e4 g6 2. d4 Bg7 3. Nc3 d6 4. Be3 c6 5. h3 $5 (5. a4 Nf6 6. h3 O-O (6... Qa5
7. Qd2 c5 8. dxc5 dxc5 9. Bb5+ Nc6 10. e5 Nd7 11. f4 a6 $13 {Oim-Omelchenko/
corr/1989/}) 7. Nf3 Qa5 $5 (7... d5 8. e5 Ne4 9. Nxe4 dxe4 10. Ng5 c5 11. dxc5
Qc7 12. Nxe4 Qxe5 13. Nc3 Bf5 14. Bd3 Na6 15. Bxa6 bxa6 16. O-O Rab8 17. Qc1
$14 {Hansen,L-Davies,N/Espergaerde/1990/0,5 (30) Inf 49/168/}) (7... Na6 8.
Bxa6 bxa6 9. a5 Rb8 10. b3 Bb7 11. e5 Ne8 $10 {Minnulin,A-Cseshkovsky,V/
St-Peterburg(op)/1993/}) 8. Nd2 Qc7 9. a5 e5 10. dxe5 dxe5 11. Nc4 (11. Bc4
Nbd7 12. O-O Nh5 $10 {Werner,D-Belov,I/Dravest/1989/0,5 (42)/}) 11... Rd8 12.
Qb1 Nbd7 13. Be2 Nf8 14. O-O Ne6 15. Rd1 Nd4 $10 {Tseitlin,Mi-Belov,I/
Voskresensk/1990/0,5 (77)/}) 5... b5 (5... Nf6 6. g4 (6. f4 b5 $6 7. e5 $1 dxe5
8. dxe5 Qxd1+ 9. Rxd1 Nh5 10. Nge2 g5 11. g3 b4 12. Nb5 $1 Na6 13. Bg2 Bb7 14.
Nbd4 $16 {Jansa,V-Pfleger,H/BRD/1989/1:0 (38) Inf 47/166/}) 6... Qa5 7. Bg2 d5
8. e5 Ne4 9. Nge2 h5 10. Bxe4 dxe4 11. gxh5 Rxh5 12. Ng3 Rxh3 13. Rxh3 Bxh3 14.
Ngxe4 $14 {Ivanov,Al-Christiansen,L/USA/1989/1:0 (34) Inf 48/178/}) 6. Bd3 (6.
f4 b4 7. Nb1 Nf6 8. Bd3 O-O 9. Nf3 Bb7 $13) 6... Nd7 7. Nf3 Bb7 8. O-O Qc7 (
8... Ngf6 $6 9. e5 $16) 9. Re1 (9. a4 $5 a6 $5 (9... b4 10. Ne2 Ngf6 11. c3
bxc3 12. bxc3 O-O 13. Ng3 $14) 10. axb5 cxb5 $13) 9... e5 (9... Ngf6 $6 10. e5
dxe5 11. dxe5 Nxe5 $2 12. Nxe5 Qxe5 13. Bh6 $18) 10. dxe5 (10. a4 a6 11. Qd2
Ngf6 12. Bh6 O-O $10) 10... dxe5 11. a4 b4 (11... a6 $5 12. b4 Ngf6 13. Qe2 O-O
$13) 12. Nb1 a5 (12... Ngf6 $6 13. a5 $1 $16) 13. Nbd2 Ngf6 14. Nb3 $16 O-O 15.
Nfd2 (15. Qe2 $5 Rfd8 16. Rec1 {/\c3+/-/}) 15... Rfd8 16. Nc4 Ne8 (16... Bf8 $5
) 17. Nc5 Nef6 $8 (17... Nxc5 18. Bxc5 $16) (17... Ndf6 18. Qf3 Bc8 $8 19. Red1
$16) 18. Qf3 Bf8 19. Nxb7 $6 (19. Nb3 $5 $16) 19... Qxb7 20. Rad1 Kg7 $1 21. b3
$1 $14 Qc7 22. Bc1 Ne8 $8 23. Qg3 f6 24. f4 Nd6 $1 25. f5 (25. fxe5 Nxe5 (25...
Nxc4 $2 26. exf6+ $18) 26. Nxe5 Nf7 $1 27. Bf4 (27. Bb2 Bd6 $15) 27... Nxe5 28.
Bxe5 Qxe5 29. Qxe5 fxe5 $10) 25... Nc5 26. fxg6 (26. Qg4 Nxd3 27. cxd3 Nxc4 28.
dxc4 Bc5+ $13) 26... hxg6 27. Qh4 Nf7 28. Be3 Rab8 29. Kh1 $6 (29. Qf2 $5)
29... Ne6 30. Qf2 Nd4 $10 31. Rf1 Be7 32. Bc1 Rf8 (32... Rh8 $5) 33. Ne3 Nh6
34. Qg3 Rbd8 35. Nf5+ (35. h4 Rh8 $1 36. Kg1 Bc5 $13) 35... Nhxf5 36. exf5 g5
37. Rde1 (37. h4 Rh8) 37... Rh8 38. Re4 Qd6 39. Rg4 Rh5 40. Qf2 Rdh8 41. Be4
1/2-1/2

[Event "Goodricke op 05th"]
[Site "Kolkata"]
[Date "1994.??.??"]
[Round "7"]
[White "Conquest, Stuart"]
[Black "Kakageldyev, Amanmurad"]
[Result "1-0"]
[WhiteElo "2495"]
[BlackElo "2455"]
[Annotator "Belov,I"]
[PlyCount "69"]
[EventDate "1994.02.??"]
[EventType "swiss"]
[EventRounds "11"]
[EventCountry "IND"]
[SourceTitle "CBM 040"]
[Source "ChessBase"]
[SourceDate "1994.06.01"]
[SourceVersion "1"]
[SourceVersionDate "1994.06.01"]
[SourceQuality "1"]

1. e4 g6 2. d4 Bg7 3. c3 d6 4. Bg5 Nf6 (4... c5 $6 5. dxc5 dxc5 6. Qxd8+ Kxd8
7. Na3 $1 Bh6 8. Bh4 Be6 9. f3 Nf6 10. Bf2 Nbd7 11. h4 a6 12. g4 $16 {
Petrosian,T-Bouaziz,S/Las Palmas(izt)/1982/1-0 (25)}) 5. Nd2 Nbd7 (5... h6 6.
Bh4 e5 7. dxe5 (7. f4 Nbd7 8. Ngf3 Qe7 9. fxe5 dxe5 10. Bd3 g5 11. Bf2 O-O $13
{Kavalek,L-Dzindzichashvili,R/New York/1984/}) 7... dxe5 8. Ngf3 Nbd7 9. Be2
O-O 10. O-O Qe8 $1 11. Qc2 Nh5 12. Rfe1 Nf4 13. Bf1 Nb6 14. a4 a5 15. Nc4 $14 {
Vladimirov,E-Ivkov,B/La Habana/1986/1-0 (40)}) (5... O-O 6. Bc4 (6. f4 c5 7.
dxc5 dxc5 8. Bc4 Nc6 9. Ngf3 Na5 10. Be2 Ng4 11. Nf1 Qb6 12. Qc1 c4 13. Bh4 e5
$1 $13 {Klaric,Z-Kasparov,G/Graz/1981/0-1 (40)}) (6. Ngf3 Nc6 (6... c6 7. a4 h6
8. Bh4 Qc7 9. Qc2 e5 10. dxe5 dxe5 11. Bc4 Nh5 12. O-O a5 13. Rfd1 Na6 14. Ne1
$1 $16 {Ermenkov,E-Todorcevic,M/Prokuplje/1987/1-0 (69)}) 7. Bb5 h6 8. Bh4 Bd7
9. O-O g5 10. Bg3 Nh5 11. Re1 e6 12. Nf1 Qe7 $13 {Kholmov,R-Glyanets,A/SSSR/
1989/0,5 (42)}) 6... c5 7. Ne2 Qc7 8. O-O b6 9. Rc1 Ba6 10. Bxa6 Nxa6 $10 {
Tipary,A-Forintos,G/HUN/1954/}) 6. Qc2 (6. Ngf3 h6 (6... O-O 7. Bd3 e5 8. O-O
Qe8 9. dxe5 (9. Re1 $5) 9... dxe5 10. b4 h6 11. Bh4 Nh5 12. Nc4 Nf4 $10 {
Machulsky,A-Cvitan,O/Sibenik/1987/0-1 (60)}) 7. Bh4 g5 8. Bg3 Nh5 9. Nc4 e6 10.
Nfd2 $1 Nxg3 11. hxg3 Qe7 12. Ne3 Nf6 13. Qb3 $1 c6 14. O-O-O $16 {Salov,
S-Smirin,I/SSSR(ch)/1988/0,5 (73)}) 6... O-O 7. Ngf3 c6 8. h3 Qc7 9. O-O-O $146
(9. Be2 e5 10. dxe5 dxe5 11. O-O Nc5 $10) 9... b5 10. g4 Rb8 (10... e5 $5 11.
Be2 Nb6 $13) 11. Be2 c5 12. Be3 (12. d5 b4 13. cxb4 Rxb4 14. Nc4 Ba6 15. Nfd2
Rfb8 $13) 12... b4 13. c4 (13. cxb4 Rxb4 14. dxc5 Nxc5 $15) 13... a5 (13...
cxd4 $6 14. Nxd4 Nc5 15. f4 $14) 14. d5 Nb6 15. Rdg1 a4 16. Qb1 $5 e6 $1 $15
17. dxe6 (17. g5 Nfd7 18. dxe6 fxe6 19. h4 a3 20. b3 Bb7 $15) 17... Bxe6 18.
Ng5 a3 19. b3 d5 $5 (19... Rfe8 $5) (19... Bd7 20. f4 Bc6 $15) 20. exd5 Bxd5
21. cxd5 Nfxd5 $44 22. Nge4 Bb2+ (22... Nxe3 23. fxe3 Rbd8) 23. Kd1 (23. Kc2
Nxe3+ 24. fxe3 Rbd8) 23... Rbd8 24. Ke1 Rfe8 25. Kf1 Nxe3+ 26. fxe3 Nd5 27. Kf2
(27. Nc4 Nxe3+ 28. Nxe3 Qf4+ 29. Nf2 Rxe3 $17) (27. Rg3 Nc3 28. Qc2 Rxd2 $1 $19
) 27... Nxe3 $2 (27... Qe7 $5) (27... Qe5 $5) 28. Kxe3 Rxd2 (28... Bc3 29. Nf3
$18) 29. Kxd2 Qf4+ 30. Kc2 Rxe4 31. Qf1 $1 $18 Qe5 32. Bc4 Rf4 33. Qe2 Re4 34.
Qd3 Re3 35. Qd5 1-0